000
00345 a2200157 4500
001
182825
020
_a
040
_c
Magnum
100
_a
Souza, Geraldo Eustaquio de
240
1
0
_a
Muito prazer em me conhecer
_l
por
245
1
0
_a
Muito prazer em me conhecer
300
_a
362
0
_a
1988
697
_a
LITERATURA GERAL
942
_c
BK
999
_c
182825
_d
182825